000 00263nam a22001217a 4500
008 170419b xxu||||| |||| 00| 0 eng d
041 _aeng
080 _28 ED
_a573
100 _a11
101 _aSHM
245 _aWORLD OF THE CELL
_cHARDIN.J
942 _2udc
_cBK
999 _c11242
_d11242